01014cam a2200289 a 450000100090000000300040000900500170001300800410003001000170007102000250008802500270011303500260014003700630016604000140022904200100024304300120025305000220026508200260028710000250031324501040033826000920044230000170053450400510055150500220060265100500062465100500067415122281OSt20200605122236.0071121m20089999ii b 001 0 eng  a 2007434254 a9788189920760 (v. 1) aI-E-2007-434254; 63-91 a(IN-NdUBS)UBS07003203 bLibrary of Congress -- New Delhi Overseas OfficecRs995.00 aDLCcoclc alcode aa-ii---00aDS475b.M235 2008 a322.1095409034bLAL/S aLal, Makkhan d1954-10aSecular politics, communal agenda :bhistory of politics in India from 1860 to 1953 /cMakkhan Lal. aNew Delhi :bPragun Publication :bDistributed by D.K. Publishers Distributors,cc2008- a473pc25 cm. aIncludes bibliographical references and index.1 a[v. 1. 1860-1953] 0aIndiaxPolitics and governmenty19th century. 0aIndiaxPolitics and governmenty20th century.